• 首页
  • 本馆介绍
  • 公告通知
  • 最新文献
  • 馆藏检索
  • 电子资源
  • 读者导购
  • 参考咨询
  • 我的图书馆
  • 登录
  • 详细信息显示
  • 放入我的书架
  • 预约/预借图书
  • 作者相关作品
  • 分类相关作品
  • 丛书相关作品
  • 出版社相关作品

书目信息

  • 表格格式
  • 工作单格式
  • 卡片格式
题名:
新编美学辞典
    
 
作者: 张锡坤 主编
分册:  
出版信息: 长春   吉林人民出版社  1987
页数: 646页
开本: 19cm
丛书名:
单 册:
中图分类: B83-61
科图分类:
主题词: 美学--词典
电子资源:
ISBN:
000 00620nam0 2200229 45
001 0187016370
005 20050322171129.1
010    @b精装@dCNY6.05
091    @a2091.104
100    @a19960131d1987 em y0chiy0121 ea
101 0  @achi
102    @aCN@b220000
105    @ay z 000yy
200 10 @a新编美学辞典@Axin bian mei xue ci dian@f张锡坤主编@FZhang Xi Kun Zhu Bian
210    @a长春@c吉林人民出版社@d1987
215    @a646页@d19cm
606    @a美学@x词典
690    @aB83-61@v3
701  0 @a张锡坤@4主编
801  0 @aCN@b深圳图书馆@c20050322
801  2 @aCN@bNLC@c20050322
905    @f1@b253993@dB83-61@e112
    
    新编美学辞典/张锡坤主编.-长春:吉林人民出版社,1987
    646页;19cm
    
    
    ISBN (精装):CNY6.05
    
●
相关链接 在E读中查询图书 在五车中查询图书 在当当中查询图书 在豆瓣中查询图书


正题名:新编美学辞典     索取号:B83-61/112         预约/预借

序号 登录号 条形码 馆藏地/架位号 状态 备注
1 0253993   001573755   工具书阅览室/ [索取号:B83-61/112] 在馆    
2 0253994   001572275   第一样本阅览室/ [索取号:B83-61/112] 在馆    
唐山师范学院图书馆 欢迎您!
大连网信软件有限公司© 版权所有